Sound insulation and the 1992 edition of Approved Document E. (Record no. 90963)

MARC details
000 -LEADER
fixed length control field 01034cam a2200265 4500
001 - CONTROL NUMBER
control field J1082
008 - FIXED-LENGTH DATA ELEMENTS--GENERAL INFORMATION
fixed length control field 090401t1992 xxu||||| |||| 00| 0 eng d
035 ## - SYSTEM CONTROL NUMBER
System control number (Sirsi) u41667
041 ## - LANGUAGE CODE
Language code of text/sound track or separate title eng
050 ## - LIBRARY OF CONGRESS CALL NUMBER
Classification number 693.834
100 ## - MAIN ENTRY--PERSONAL NAME
Personal name Fothergill, L.C.
245 ## - TITLE STATEMENT
Title Sound insulation and the 1992 edition of Approved Document E.
260 ## - PUBLICATION, DISTRIBUTION, ETC.
Place of publication, distribution, etc. Garston,Watford
Name of publisher, distributor, etc. Building Research Establishment
Date of publication, distribution, etc. 1992
300 ## - PHYSICAL DESCRIPTION
Extent (4)p. : ill. ; 30cm.
350 ## - PRICE (NR) (BK AM CF MU VM SE) [OBSOLETE]
Price 0
490 ## - SERIES STATEMENT
Series statement BRE Information Paper
Volume/sequential designation 18/92
520 ## - SUMMARY, ETC.
Summary, etc. Discusses the recent revisions of the Building Regulations Approved Document E, which deal with an additional approval procedure based on full-size mock-up tests, material change of use of a dwelling and the harmonisation of technical specifications used in England, Wales, Scotland and Ireland.
650 ## - SUBJECT ADDED ENTRY--TOPICAL TERM
Topical term or geographic name entry element APPROVED DOCUMENT E
650 ## - SUBJECT ADDED ENTRY--TOPICAL TERM
Topical term or geographic name entry element BUILDING REGULATIONS
9 (RLIN) 6224
650 ## - SUBJECT ADDED ENTRY--TOPICAL TERM
Topical term or geographic name entry element SOUND INSULATION
690 ## - LOCAL SUBJECT ADDED ENTRY--TOPICAL TERM (OCLC, RLIN)
Topical term or geographic name as entry element BUILT ENVIRONMENT
710 ## - ADDED ENTRY--CORPORATE NAME
Corporate name or jurisdiction name as entry element Building Research Establishment
942 ## - ADDED ENTRY ELEMENTS (KOHA)
Suppress in OPAC 0
948 ## - LOCAL PROCESSING INFORMATION (OCLC); SERIES PART DESIGNATOR (RLIN)
c (OCLC) 04/03/1997
Holdings
Withdrawn status Lost status Source of classification or shelving scheme Damaged status Not for loan Home library Current library Shelving location Date acquired Total Checkouts Full call number Barcode Date last seen Copy number Price effective from Koha item type
    Dewey Decimal Classification     London London Boxed set 26/10/1992   SHELF 323 30037263 06/08/2019 1 06/08/2019 Book